| 000 | 00349nam a2200133Ia 4500 | ||
|---|---|---|---|
| 008 | 240624s9999 xx 000 0 und d | ||
| 041 | _aeng | ||
| 082 | _a657.42 SHA | ||
| 100 | _aSHANK JOHN K | ||
| 245 | _aSTRATEGIC COST MANAGEMENT THE NEW TOOL F | ||
| 260 |
_c1993 _aNew York _bFree Press |
||
| 300 | _aviii, : 271 : p. : cm. ; 23 | ||
| 365 |
_c _b50 |
||
| 999 |
_c27196 _d27196 |
||